Quien espera

Αποθηκεύτηκε σε:
Λεπτομέρειες βιβλιογραφικής εγγραφής
Κύριος συγγραφέας: Medina, Marisa
Μορφή: Βιβλίο
Γλώσσα:Undetermined
Έκδοση: Madrid, España Editora Nacional 1967
Θέματα:
Ετικέτες: Προσθήκη ετικέτας
Δεν υπάρχουν, Καταχωρήστε ετικέτα πρώτοι!

MARC

LEADER 00000nam a2200000Ia 4500
008 170316s9999 xx 000 0 und d
090 |a 862 M-32q 
100 |a Medina, Marisa 
245 |a Quien espera 
260 |a Madrid, España 
260 |b Editora Nacional 
260 |c 1967 
300 |a 136 páginas 
650 |a LITERATURA ESPAÑOLA 
999 |c 25527  |d 25527 
040 |a cru BVZT 
942 |c 15 D  |h 862 M-32q  |2 z